=LDR 00000nam 2200000 4500 =001 INLIS000000000049384 =005 20170214083015.0 =006 =007 =008 =020 ##$$a 978-602-7686-29-9 =035 ##$$0010-021700000000176 =040 ##$$a NBPDMAT =082 ##$$a 899.221 830 1 =090 ##$$a 899.221 830 1 Ibn a =100 ##$$a Ibnu Haromain =245 ##$$a Air mata cinta putri bangsawan / $c Ibnu Haromain =260 ##$$a Pringgabaya : $b Pusakanda, $c 2015 =300 ##$$a xii, 104 hlm . ; $c 21 cm =500 ##$$a Biografi : hlm .100 - 104 =650 ##$$a Kumpulan - Cerpen